000 00715nam a2200241 u 4500
005 20220916063535.0
008 140917s2011 es r 000 0 spa d
020 _a9788484526339
035 _aUPN01000199603
049 _aI
050 4 _aPZ7
_bY3.7
100 1 _aYaccarino, Dan,
_d1965-
_936715
245 1 0 _aTodos los viernes /
_cDan Yaccarino ; tr. Ben Clark.
260 _aBarcelona, Esp. :
_bIntermón Oxfam,
_c2011.
300 _a[29] p.
440 0 _aSueños
534 _pTítulo original :
_tEvery friday
650 7 _aLiteratura infantil estadounidense
_2
_99173
650 0 _aRelación padres-hijos
_91359
650 0 _aPadres e hijos
_vNovela
_912603
905 _aInfantil
999 _c171704
_d171704